000 00916nam a2200253Ia 4500
003 OSt
005 20220923225504.0
006 a|||||r|||| 00| 0
007 ta
008 220922b |||||||| |||| 00| 0 hin d
024 _a269,212
037 _cTextual
040 _aARTS
_cARTS
_bhin
041 _2hin
_ahin
082 _aQ29MDE:2, 152L3
100 _aकनल, परशुराम वी0
245 0 _aस्वार्थ और घृणा हमारे शत्रु क्यों है ?, अनु मनमोहन सहगल
246 _aSvārtha aur ghṛuṇā hamāre shatru kyoan hai ?, anu0 hinamohan sahagala
260 _aचण्डीगढ़
_b देव समाज
_c1973
300 _a123पृ.
_ccm.
650 _aधर्म
942 _hQ29MDE:2, 152L3
_cTEXL
_2CC
999 _c378551
_d378551